Statistiques concernant Les plus petites préfectures de France

Cliquez ici pour prendre le quiz!

Statistiques générales

  • Ce quiz a été pris 683 fois
  • Le résultat moyen est 9 sur 17

Statistiques - réponses

Population (en milliers)Préfecture% Correct
8,305Privas
87%
11,679Mende
83%
9,731Foix
77%
13,143Guéret
74%
14,323Tulle
67%
16,512Digne-les-Bains
59%
15,473Vesoul
52%
21,962Auch
51%
23,741Rodez
51%
15,950Bar-le-Duc
48%
18,619Le Puy-en-Velay
48%
17,063Lons-le-Saunier
48%
19,616Cahors
47%
19,474Moulins
46%
22,560Chaumont
39%
19,285Saint-Lô
36%
11,150Basse-Terre
33%

Distribution des résultats

Percentile par nombre de réponses

% des personnes avec chaque résultat

Votre développement - résultats

Vous n’avez pas pris ce quiz